Suomen suurimmat sisämaakaupungit - Statistics

Yleistilastot
  • Tätä visaa on pelattu 102 kertaa
  • Keskiarvotulos 11 / 14
Vastaustilastot
Hint Vastaus % Oikein
#3 Tampere
100%
#8 Kuopio
98%
#17 Rovaniemi
96%
#7 Jyväskylä
93%
#9 Lahti
92%
#12 Joensuu
88%
#15 Hämeenlinna
87%
#16 Seinäjoki
86%
#13 Lappeenranta
84%
#11 Kouvola
78%
#18 Mikkeli
75%
#23 Hyvinkää
62%
#24 Järvenpää
53%
#25 Lohja
46%
Ehtoja vastaavia visoja ei löytynyt
Tulosjakauma
Jokaisen tuloksen saaneiden osuus
Persentiili vastausten määrän mukaan
Tuloshistoriasi
Et ole pelannut tätä visaa